Bounded dynamic stochastic systems : modelling and control

Αποθηκεύτηκε σε:
Λεπτομέρειες βιβλιογραφικής εγγραφής
Κύριος συγγραφέας: Wang, Hong 1960-
Μορφή: Βιβλίο
Γλώσσα:English
Δημοσίευση: London : Springer, c2000
Σειρά:Advances in industrial control
Θέματα:
Ετικέτες: Προσθήκη ετικέτας
Δεν υπάρχουν, Καταχωρήστε ετικέτα πρώτοι!

MARC

LEADER 00000nam a2200000 i 4500
001 1/15643
008 010122s2000 eng d
020 |a 1-85233-187-9 
035 |l 10065485 
040 |a GR-MY-UA  |b gre  |e aacr 
041 0 |a eng 
082 0 |a 629.8 
100 1 |a Wang, Hong  |d 1960- 
245 1 0 |a Bounded dynamic stochastic systems :  |b modelling and control /  |c Hong Wang 
260 |a London :   |b Springer,   |c c2000 
300 |a xvi, 176 p.;  |b ill.;  |c 24 cm. 
490 1 |a Advances in industrial control 
504 |a Includes bibliographical references and index 
650 0 0 |a Automatic control. 
650 0 0 |a Stochastic processes. 
830 0 |a Advances in industrial control 
852 |a INST  |b SYROS  |e 20010122  |h 629.8 WAN  |p 005500001750  |q 005500001750  |t BK  |y 0 
901 |a BIBL5-2001-1 
909 |a Ε  |b 084584 
922 |a 5ΕΛΗ  |b 200012  |c ΓΡΑΦΙΚΩΝ ΤΕΧΝΩΝ  |d ΜΙΧΑΛΟΠΟΥΛΟΣ 
950 |a 183-2000-12-07 
970 |a ΚΟΝΤΟΥ  |b ΠΑΡΑΣΚΕΥΗ  |z 2001/02/13